[Event "SV Wattenscheid 2 - Weiße Dame Borbeck"]
[Site "Regionalliga 2018/2019"]
[Date "2018.12.16"]
[Round "5.2"]
[White "Buchenthal, Dieter"]
[Black "Hillenbrand, Michael"]
[Result "1/2-1/2"]
[WhiteElo "2111"]
[BlackElo "2087"]
[PlyCount "33"]
[EventDate "2018.??.??"]

1. b3 c5 2. Bb2 Nc6 3. e3 d5 4. Bb5 Bd7 5. f4 Nf6 6. Nf3 e6 7. O-O Be7 8. Nc3
O-O 9. Ne2 Rc8 10. Ng3 Qb6 11. Bxc6 Bxc6 12. Ne5 d4 13. Qe2 Bb5 14. d3 Nd5 15.
e4 Ne3 16. Rf2 Bh4 17. Qh5 1/2-1/2

[Event "SV Wattenscheid 2 - Weiße Dame Borbeck"]
[Site "Regionalliga 2018/2019"]
[Date "2018.12.16"]
[Round "5.3"]
[White "Klasmeier, Jens"]
[Black "Koehn, Peter"]
[Result "0-1"]
[WhiteElo "2090"]
[BlackElo "2138"]
[PlyCount "40"]
[EventDate "2018.??.??"]

1. e4 e6 2. b3 c5 3. Nf3 d6 4. Bb2 Nf6 5. e5 dxe5 6. Nxe5 Nbd7 7. Bb5 Bd6 8. f4
O-O 9. O-O Qc7 10. Nxd7 Bxd7 11. Bxf6 gxf6 12. Qg4+ Kh8 13. Qh4 Rg8 14. Qxf6+
Rg7 15. Bxd7 Qxd7 16. Rf2 c4 17. Nc3 Bc5 18. Raf1 Qxd2 19. Ne4 Bxf2+ 20. Rxf2
Qe1+ 0-1

[Event "SV Wattenscheid 2 - Weiße Dame Borbeck"]
[Site "Regionalliga 2018/2019"]
[Date "2018.12.16"]
[Round "5.4"]
[White "Lang, Daniel"]
[Black "Dewenter, Ulf"]
[Result "1/2-1/2"]
[WhiteElo "2078"]
[BlackElo "2110"]
[PlyCount "23"]
[EventDate "2018.??.??"]

1. d4 d5 2. c4 e6 3. Nc3 c5 4. cxd5 exd5 5. Nf3 Nc6 6. g3 c4 7. Bg2 Bb4 8. O-O
Nge7 9. Bf4 O-O 10. Ne5 Nxe5 11. dxe5 Be6 12. Nb5 1/2-1/2

[Event "SV Wattenscheid 2 - Weiße Dame Borbeck"]
[Site "Regionalliga 2018/2019"]
[Date "2018.12.16"]
[Round "5.5"]
[White "Poetter, Clemens"]
[Black "Gohla, Ulf"]
[Result "1/2-1/2"]
[WhiteElo "2012"]
[BlackElo "2165"]
[PlyCount "142"]
[EventDate "2018.??.??"]

1. Nf3 d5 2. d4 c6 3. e3 Bg4 4. c4 e6 5. Nbd2 Nf6 6. h3 Bh5 7. Bd3 Nbd7 8. O-O
Bd6 9. e4 dxe4 10. Nxe4 Nxe4 11. Bxe4 O-O 12. Re1 Qc7 13. Bxh7+ Kxh7 14. Ng5+
Kg6 15. g4 Bf4 16. gxh5+ Kh6 17. Qg4 Bxg5 18. Bxg5+ Kh7 19. Qe4+ Kh8 20. Re3
Rae8 21. Bf4 Qd8 22. Qf3 Rg8 23. Kh2 Qh4 24. Rg1 Kh7 25. Rg4 Qf6 26. Qe4+ Kh8
27. Rg5 c5 28. Rd3 cxd4 29. Rxd4 Qe7 30. Qxb7 Nf6 31. Qxe7 Rxe7 32. Ra5 Rge8
33. Be5 Rb7 34. h6 Kh7 35. hxg7 Ng8 36. Rh4+ Kg6 37. Rg4+ Kh7 38. Bc3 f5 39.
Rg5 Nh6 40. f4 Nf7 41. Rg2 Kg8 42. Re2 Nd6 43. b3 Rf7 44. Be5 Ne4 45. c5 Rc8
46. b4 Rb7 47. a3 Rc6 48. Rc2 a6 49. Rxa6 Rxa6 50. c6 Rxg7 51. Bxg7 Kxg7 52. b5
Rxa3 53. b6 Rb3 54. b7 Nd6 55. Rd2 Nxb7 56. Rd7+ Kf6 57. cxb7 e5 58. fxe5+ Kxe5
59. Kg2 Kf4 60. Kf2 Rb2+ 61. Ke1 Kg3 62. Rf7 f4 63. h4 f3 64. h5 f2+ 65. Kf1
Rb1+ 66. Ke2 Rb2+ 67. Kf1 Rb1+ 68. Ke2 Rb2+ 69. Ke3 Rxb7 70. Rf3+ Kg4 71. Rxf2
Kg5 1/2-1/2

[Event "SV Wattenscheid 2 - Weiße Dame Borbeck"]
[Site "Regionalliga 2018/2019"]
[Date "2018.12.16"]
[Round "5.6"]
[White "Schlange, Stefan"]
[Black "Korste, Sebastian"]
[Result "1-0"]
[WhiteElo "2070"]
[BlackElo "1922"]
[PlyCount "57"]
[EventDate "2018.??.??"]

1. e4 e6 2. d4 d5 3. Nc3 Nf6 4. e5 Nfd7 5. f4 c5 6. Nf3 Nc6 7. Be3 Qb6 8. Na4
Qa5+ 9. c3 cxd4 10. b4 Qc7 11. Nxd4 Nxd4 12. Bxd4 Be7 13. Bd3 Nb8 14. b5 Nd7
15. O-O Nc5 16. Nxc5 Bxc5 17. Qe2 Bd7 18. Qe3 Rc8 19. Rf3 Bxd4 20. cxd4 Qc3 21.
Raf1 Qb2 22. f5 h6 23. Rg3 Kf8 24. fxe6 Bxe6 25. Bg6 Kg8 26. Bxf7+ Bxf7 27. e6
Be8 28. Qf4 Bh5 29. Qe5 1-0

[Event "SV Wattenscheid 2 - Weiße Dame Borbeck"]
[Site "Regionalliga 2018/2019"]
[Date "2018.12.16"]
[Round "5.7"]
[White "Friedrich, Patrick"]
[Black "Schwebel, Markus"]
[Result "1-0"]
[WhiteElo "1914"]
[BlackElo "2007"]
[PlyCount "119"]
[EventDate "2018.??.??"]

1. d4 Nf6 2. c4 g6 3. Nc3 d5 4. Nf3 Bg7 5. Qb3 dxc4 6. Qxc4 O-O 7. e4 c6 8. Be2
b5 9. Qd3 Na6 10. Be3 Ng4 11. Bf4 Nb4 12. Qd1 c5 13. dxc5 Qxd1+ 14. Rxd1 Nc2+
15. Kf1 e5 16. Bg3 f5 17. Bxb5 fxe4 18. Nxe4 Be6 19. b3 a6 20. Bd3 Nb4 21. Bb1
Bd5 22. Ke2 Bc6 23. Rd6 Rac8 24. Rc1 Nh6 25. a3 Nd5 26. Re6 Rfe8 27. Rxe8+ Rxe8
28. Kf1 Nf5 29. b4 Nd4 30. Nd6 Nxf3 31. gxf3 Rf8 32. Ba2 Kh8 33. Ke2 e4 34.
fxe4 Nc3+ 35. Rxc3 Bxc3 36. Nf7+ Kg7 37. Ne5 Bb5+ 38. Ke3 Kf6 39. Nf3 Re8 40.
Bh4+ Kg7 41. Nd4 Bd7 42. Bd5 Bb2 43. c6 Bc8 44. a4 g5 45. Bg3 Bc1+ 46. Kd3 Kf6
47. b5 axb5 48. axb5 Bf4 49. Nf3 Bxg3 50. hxg3 g4 51. Ne1 Ke5 52. Ke3 Kd6 53.
Kd4 Be6 54. e5+ Kc7 55. Kc5 Bxd5 56. b6+ Kc8 57. Kxd5 Rd8+ 58. Kc4 Rd2 59. Nd3
Rd1 60. Nc5 1-0

[Event "SV Wattenscheid 2 - Weiße Dame Borbeck"]
[Site "Regionalliga 2018/2019"]
[Date "2018.12.16"]
[Round "5.8"]
[White "Schmedders, Hans-Gerd"]
[Black "Kindermann, Carsten"]
[Result "1-0"]
[WhiteElo "2050"]
[BlackElo "1908"]
[PlyCount "70"]
[EventDate "2018.??.??"]

1. e4 e6 2. Nf3 d5 3. e5 c5 4. b4 c4 5. c3 Nd7 6. d3 cxd3 7. Bxd3 a5 8. Bd2 Ne7
9. O-O Nc6 10. Bb5 axb4 11. Bxc6 bxc6 12. cxb4 Ba6 13. Re1 Qb6 14. a3 Be7 15.
Nc3 O-O 16. Qc2 Bc4 17. Bg5 Qd8 18. Bf4 c5 19. b5 d4 20. Nd2 Nb6 21. Nxc4 Nxc4
22. Na4 Na5 23. Red1 Qb8 24. Rab1 Rd8 25. Bd2 Qxe5 26. Nb6 Nb7 27. Nxa8 Rxa8
28. a4 Bd8 29. b6 Qe2 30. a5 Qa6 31. Qa4 Bf6 32. Rdc1 h6 33. Qc6 e5 34. g3 Kh7
35. h4 g6 1-0

[Event "Oberhausener SV 2 - SV Kamen 1"]
[Site "Regionalliga 2018/2019"]
[Date "2018.12.16"]
[Round "5.1"]
[White "Weidemann, Christian"]
[Black "Krueger, AndrÃ©"]
[Result "1-0"]
[WhiteElo "2290"]
[BlackElo "1970"]
[PlyCount "117"]
[EventDate "2018.??.??"]

1. e4 c5 2. Nf3 d6 3. Nc3 Nf6 4. e5 dxe5 5. Nxe5 e6 6. Qf3 a6 7. a4 Qc7 8. Qg3
Nbd7 9. Nc4 Qxg3 10. hxg3 b6 11. d3 Bb7 12. Bf4 Nd5 13. Ne4 Nxf4 14. gxf4 Bxe4
15. dxe4 O-O-O 16. Ne5 Nxe5 17. Bxa6+ Kc7 18. fxe5 g5 19. O-O Bg7 20. f4 gxf4
21. Rxf4 Rhf8 22. Raf1 Bxe5 23. Rxf7+ Rxf7 24. Rxf7+ Rd7 25. Rxd7+ Kxd7 26. b3
Kd6 27. Kf2 Bf4 28. Ke2 h6 29. Kd3 Bg3 30. Kc4 Be1 31. Bc8 e5 32. Bb7 Kc7 33.
Ba8 Kd6 34. Kb5 Kc7 35. Bc6 Bd2 36. Be8 Be1 37. Kc4 Bd2 38. Kd5 Bc3 39. a5 Bxa5
40. Kxe5 Kd8 41. Bb5 Ke7 42. Kd5 Bd2 43. e5 Bc3 44. e6 Bd4 45. Bc4 Bc3 46. Kc6
Bf6 47. Kxb6 Kd6 48. Kb5 Bd4 49. Ka4 Bc3 50. Ka3 Ke7 51. Ka2 Kd6 52. Kb1 Ke7
53. Kc1 Kd6 54. Kd1 Ba5 55. Ke2 Bb4 56. Kf3 Bc3 57. Ke4 Bd2 58. Kf5 Bg5 59. g4
1-0

[Event "Oberhausener SV 2 - SV Kamen 1"]
[Site "Regionalliga 2018/2019"]
[Date "2018.12.16"]
[Round "5.2"]
[White "Joergens, Markus"]
[Black "Luetke, Jens"]
[Result "0-1"]
[WhiteElo "1984"]
[BlackElo "2188"]
[PlyCount "76"]
[EventDate "2018.??.??"]

1. d4 e6 2. c4 Nf6 3. g3 d5 4. Nf3 Bb4+ 5. Bd2 Be7 6. Bg2 O-O 7. O-O c6 8. Qc2
b6 9. Rd1 Ba6 10. b3 Nbd7 11. a4 Rc8 12. a5 b5 13. c5 Ne4 14. b4 f5 15. Be1 g5
16. Ne5 Nef6 17. Nd2 Nxe5 18. dxe5 Ng4 19. Nf3 Qe8 20. h3 Nh6 21. Bd2 Qg6 22.
Nd4 Rc7 23. f3 Bc8 24. Ra3 Qg7 25. Qc1 f4 26. g4 Nf7 27. e3 Nxe5 28. exf4 Nc4
29. Bc3 Qg6 30. f5 exf5 31. gxf5 Bxf5 32. Ra2 Bf6 33. Re2 Ne5 34. Nxb5 Re7 35.
Nd6 Nd3 36. Qd2 Bxc3 37. Rxe7 Bxd2 38. Rxd2 Nf4 0-1

[Event "Oberhausener SV 2 - SV Kamen 1"]
[Site "Regionalliga 2018/2019"]
[Date "2018.12.16"]
[Round "5.3"]
[White "Kilian, Ralf"]
[Black "Weyh, Thomas"]
[Result "1-0"]
[WhiteElo "2082"]
[BlackElo "2003"]
[PlyCount "57"]
[EventDate "2018.??.??"]

1. e4 e5 2. Nf3 Nc6 3. Bb5 a6 4. Ba4 d6 5. O-O Bd7 6. c4 g6 7. d4 Bg7 8. Bg5 f6
9. Be3 Nh6 10. dxe5 Nxe5 11. Nxe5 fxe5 12. Nc3 O-O 13. f3 Bxa4 14. Qxa4 Nf7 15.
c5 Qh4 16. Nd5 Bh6 17. Bf2 Qd8 18. Rad1 Kg7 19. Qc4 Rc8 20. Qb4 b6 21. cxb6
cxb6 22. Bxb6 Qh4 23. Bf2 Qd8 24. Ne3 Rc6 25. Qa4 Qc8 26. Qb3 Ng5 27. Ng4 Nxe4
28. fxe4 Qxg4 29. Qb7+ 1-0

[Event "Oberhausener SV 2 - SV Kamen 1"]
[Site "Regionalliga 2018/2019"]
[Date "2018.12.16"]
[Round "5.4"]
[White "GroÃŸ, Thomas"]
[Black "Seepe, Udo"]
[Result "1/2-1/2"]
[WhiteElo "1970"]
[BlackElo "2068"]
[PlyCount "22"]
[EventDate "2018.??.??"]

1. Nf3 g6 2. g3 Bg7 3. d4 Nf6 4. Bg2 O-O 5. O-O d6 6. b3 Nc6 7. Bb2 e5 8. dxe5
Ng4 9. c4 dxe5 10. e3 e4 11. Nd4 Nxd4 1/2-1/2

[Event "Oberhausener SV 2 - SV Kamen 1"]
[Site "Regionalliga 2018/2019"]
[Date "2018.12.16"]
[Round "5.5"]
[White "Rumpf, Thomas"]
[Black "Gerst, Michael"]
[Result "1-0"]
[WhiteElo "2014"]
[BlackElo "1933"]
[PlyCount "83"]
[EventDate "2018.??.??"]

1. e4 c5 2. Nf3 e6 3. c3 d5 4. exd5 Qxd5 5. Na3 Nf6 6. Bc4 Qd8 7. O-O Nc6 8.
Qe2 Be7 9. d4 cxd4 10. Rd1 a6 11. Nxd4 Qc7 12. Nac2 Nxd4 13. Nxd4 O-O 14. a4
Re8 15. Nf3 Bd7 16. Ne5 Rad8 17. Nxd7 Rxd7 18. Rxd7 Qxd7 19. Be3 Qc6 20. Bb3
Rd8 21. Rd1 Rxd1+ 22. Qxd1 Nd7 23. Bc2 g6 24. h3 b5 25. axb5 axb5 26. Bd3 b4
27. cxb4 Bxb4 28. Qc2 Qxc2 29. Bxc2 Kf8 30. Kf1 Ke7 31. Ke2 Nc5 32. Bd2 Bxd2
33. Kxd2 Kd6 34. Kc3 Kc6 35. Kc4 Kb6 36. Kd4 f6 37. f4 Kc6 38. b4 Na6 39. b5+
Kxb5 40. Bd3+ Kb6 41. Bxa6 Kxa6 42. Kc5 1-0

[Event "Oberhausener SV 2 - SV Kamen 1"]
[Site "Regionalliga 2018/2019"]
[Date "2018.12.16"]
[Round "5.6"]
[White "Stefaniak, Christian"]
[Black "Kleinegger, Frank"]
[Result "0-1"]
[WhiteElo "1914"]
[BlackElo "2065"]
[PlyCount "74"]
[EventDate "2018.??.??"]

1. e4 d6 2. d4 Nf6 3. Nc3 e5 4. dxe5 dxe5 5. Qxd8+ Kxd8 6. Nf3 Bd6 7. Bc4 Be6
8. Bxe6 fxe6 9. O-O Nbd7 10. Be3 a6 11. h3 Ke7 12. a3 b5 13. Nd2 h6 14. Ne2 g5
15. f3 Nh5 16. g3 Nhf6 17. Kg2 Bc5 18. Bxc5+ Nxc5 19. Nc3 Rhd8 20. Rfd1 Rd4 21.
Kf2 Rad8 22. Ke2 Nh5 23. Nf1 Nb7 24. Rac1 Na5 25. b3 Nc6 26. Kf2 R4d6 27. Rxd6
cxd6 28. Ne3 Nd4 29. Ng4 Rf8 30. Nh2 Rc8 31. Ne2 Nxe2 32. Kxe2 Nxg3+ 33. Kf2
Nh5 34. Ng4 Nf4 35. Ke3 Rc3+ 36. Kd2 Rxf3 37. c4 Rd3+ 0-1

[Event "Oberhausener SV 2 - SV Kamen 1"]
[Site "Regionalliga 2018/2019"]
[Date "2018.12.16"]
[Round "5.7"]
[White "Koch, Marcel"]
[Black "Seibert, Michael"]
[Result "1-0"]
[WhiteElo "1917"]
[BlackElo "1957"]
[PlyCount "37"]
[EventDate "2018.??.??"]

1. d4 g6 2. Nf3 Bg7 3. g3 c5 4. Bg2 cxd4 5. Nxd4 Nc6 6. Nxc6 bxc6 7. O-O Nf6 8.
c4 d5 9. Nc3 e6 10. Qc2 O-O 11. Rd1 Qc7 12. cxd5 cxd5 13. Bf4 Qc4 14. Rac1 Nh5
15. Bd6 Rd8 16. Nxd5 Qxc2 17. Ne7+ Kh8 18. Rxc2 Rb8 19. Nc6 1-0

[Event "SF Essen-Katernberg  2-SV Mülheim-Nord3"]
[Site "Regionalliga 2018/2019"]
[Date "2018.12.16"]
[Round "5.1"]
[White "Walter, Andreas"]
[Black "Bee, Marcus"]
[Result "0-1"]
[WhiteElo "2142"]
[BlackElo "2143"]
[PlyCount "98"]
[EventDate "2018.??.??"]

1. d4 d6 2. e4 Nf6 3. f3 c6 4. c4 e5 5. Ne2 Nbd7 6. Nbc3 Be7 7. Be3 O-O 8. Qd2
a6 9. d5 cxd5 10. cxd5 Ne8 11. g4 b5 12. Ng3 Nc5 13. b4 Na4 14. Nxa4 bxa4 15.
Bd3 Bd7 16. O-O Qb8 17. Rab1 Bd8 18. Rfc1 Bb6 19. Nf5 Bxe3+ 20. Qxe3 Qd8 21.
Qe2 g6 22. Ne3 Nc7 23. Nc4 Nb5 24. Qe3 Nd4 25. Na5 f5 26. gxf5 gxf5 27. Kh1 Qh4
28. Rc7 f4 29. Qg1+ Kh8 30. Rxd7 Rg8 31. Qf1 Rg3 32. Rb2 Rxf3 33. Qg1 Rg8 34.
Rg2 Rfg3 35. Rxg3 fxg3 36. Bf1 Nf3 37. Qg2 gxh2 38. Rd8 Qxd8 39. Qxf3 Qh4 40.
Bg2 Qh6 41. Nc6 Qc1+ 42. Kxh2 Qh6+ 43. Qh3 Qf4+ 44. Kh1 Rg4 45. Qd3 Rh4+ 46.
Kg1 Qh2+ 47. Kf1 Rf4+ 48. Bf3 Qxa2 49. Ne7 Qb3 0-1

[Event "SF Essen-Katernberg  2-SV Mülheim-Nord3"]
[Site "Regionalliga 2018/2019"]
[Date "2018.12.16"]
[Round "5.2"]
[White "Villwock, Martin"]
[Black "Wittenberg, Andreas"]
[Result "1/2-1/2"]
[WhiteElo "2152"]
[BlackElo "2171"]
[PlyCount "109"]
[EventDate "2018.??.??"]

1. e4 e6 2. Qe2 e5 3. f4 d6 4. Nf3 Nc6 5. Qf2 Nf6 6. Nc3 Ng4 7. Qg3 Nd4 8. Nxd4
exd4 9. Nd1 Be7 10. Qd3 c5 11. Be2 O-O 12. c3 Bf6 13. h3 Nh6 14. O-O Qb6 15. c4
Be7 16. g4 f6 17. Qg3 Nf7 18. d3 Bd7 19. Nf2 Kh8 20. h4 g6 21. b3 f5 22. h5
fxe4 23. hxg6 e3 24. Qh3 exf2+ 25. Rxf2 h6 26. gxf7 Rxf7 27. f5 Rh7 28. f6 Bf8
29. Qg3 Re8 30. Bd2 Qd8 31. Raf1 Bc6 32. Bf3 Qd7 33. Rh2 Bxf3 34. Qxf3 Qf7 35.
Qf5 Re5 36. Qf3 Re8 37. Re2 Rxe2 38. Qxe2 Qd7 39. Qf3 Kg8 40. Re1 Rf7 41. Re2
Bg7 42. g5 hxg5 43. Bxg5 Bf8 44. Rg2 Kh8 45. Qg3 Rh7 46. Bf4 Qe6 47. Bg5 Rh3
48. Rh2 Rxh2 49. Kxh2 Kg8 50. Bh6+ Kf7 51. Bxf8 Qe2+ 52. Kh3 Qh5+ 53. Qh4 Qf3+
54. Qg3 Qh5+ 55. Qh4 1/2-1/2

[Event "SF Essen-Katernberg  2-SV Mülheim-Nord3"]
[Site "Regionalliga 2018/2019"]
[Date "2018.12.16"]
[Round "5.3"]
[White "Ozerov, Ilja"]
[Black "Heldt, Maximilian"]
[Result "1-0"]
[WhiteElo "2175"]
[BlackElo "2104"]
[Annotator "Daniel"]
[PlyCount "89"]
[EventDate "2018.??.??"]

1. f4 c5 2. e4 d5 3. exd5 Qxd5 4. Nc3 Qd8 5. Nf3 Nf6 6. Bc4 e6 7. Ne5 Nbd7 8.
Qe2 Nxe5 9. fxe5 Nd5 10. O-O Nb6 11. Bb5+ Bd7 12. Qf3 Qe7 13. Qxb7 Bxb5 14.
Qxe7+ Bxe7 15. Nxb5 O-O 16. d3 Rfd8 17. b3 Nd5 18. Na3 Nb4 19. Bd2 a5 20. Bxb4
cxb4 21. Nc4 Bc5+ 22. Kh1 a4 23. g3 Bd4 24. Rae1 axb3 25. axb3 Ra2 26. Re2 Bc3
27. Rd1 Rd5 28. Kg2 h6 29. Kf3 Kh7 30. Rc1 g5 31. g4 Kg8 32. h4 gxh4 33. Rh1
Ra1 34. Rxa1 Bxa1 35. Kg2 Kg7 36. Kh3 Kg6 37. Kxh4 Bd4 38. Kg3 Kg5 39. Kf3 Bc3
$11 40. Re4 Rd7 41. Nb6 Rc7 42. Na4 Bd2 43. Rc4 Rb7 44. Nc5 Rb5 45. Ne4+ 1-0

[Event "SF Essen-Katernberg  2-SV Mülheim-Nord3"]
[Site "Regionalliga 2018/2019"]
[Date "2018.12.16"]
[Round "5.4"]
[White "Dette, Jan"]
[Black "Limbourg, Philipp"]
[Result "1/2-1/2"]
[WhiteElo "2076"]
[BlackElo "2176"]
[Annotator "Daniel"]
[PlyCount "100"]
[EventDate "2018.??.??"]

1. c4 e5 2. Nc3 Nc6 3. g3 f5 4. Nf3 Bb4 5. d4 e4 6. Bg5 Nge7 7. Nh4 Bxc3+ 8.
bxc3 O-O 9. Ng2 Qe8 10. h4 Qf7 11. e3 d6 12. Be2 b6 13. O-O Ba6 14. Qa4 Na5 15.
Bxe7 Qxe7 16. Nf4 Qe8 17. Qxe8 Raxe8 18. c5 Bxe2 19. Nxe2 dxc5 20. dxc5 bxc5
21. Rfd1 Rd8 22. Rab1 Rd6 23. Rxd6 cxd6 24. Nf4 Nc6 25. Rd1 Rf6 26. Nd5 Rf7 27.
Nf4 Rd7 28. Ne6 Ne5 29. Rd5 c4 30. Nc5 Rc7 31. Ne6 Rd7 32. Nc5 Rd8 33. Ne6 Rb8
34. Rxd6 h6 35. Rd8+ Rxd8 36. Nxd8 Nd3 37. Nb7 Nc1 38. a3 Ne2+ 39. Kf1 Nxc3 40.
Nd6 g6 41. Nxc4 Kf7 42. Ne5+ Kf6 43. Nc6 $11 a6 44. Nb8 a5 45. a4 g5 46. hxg5+
Kxg5 47. Nc6 Nxa4 48. Nxa5 Kg4 49. Nc4 Nc5 50. Ne5+ Kg5 1/2-1/2

[Event "SF Essen-Katernberg  2-SV Mülheim-Nord3"]
[Site "Regionalliga 2018/2019"]
[Date "2018.12.16"]
[Round "5.5"]
[White "Kuipers, Dustin"]
[Black "Dahm, Bernd"]
[Result "0-1"]
[WhiteElo "2081"]
[BlackElo "2080"]
[PlyCount "80"]
[EventDate "2018.??.??"]

1. Nf3 Nf6 2. g3 b6 3. Bg2 Bb7 4. O-O e6 5. b3 Be7 6. Bb2 O-O 7. c4 c5 8. e3 d5
9. Qe2 dxc4 10. bxc4 Nc6 11. Rd1 Qc7 12. Nc3 Rac8 13. Rac1 Rfd8 14. d4 Na5 15.
Nb5 Qb8 16. d5 exd5 17. Be5 Qa8 18. Nc7 Rxc7 19. Bxc7 Rc8 20. cxd5 Bxd5 21. Be5
Ne4 22. h4 Bc6 23. Ne1 f6 24. Bc3 Nxc3 25. Rxc3 c4 26. Qg4 b5 27. Qe6+ Kf8 28.
Bd5 Bxd5 29. Rxd5 a6 30. Rd7 Nc6 31. Rc1 Re8 32. Qd5 Qc8 33. Nf3 Nb4 34. Qe6
Nd3 35. Rd1 Nc5 36. Qg4 Nxd7 37. Rxd7 c3 38. Nd4 c2 39. Ne6+ Kf7 40. Rxe7+ Kxe7
0-1

[Event "SF Essen-Katernberg  2-SV Mülheim-Nord3"]
[Site "Regionalliga 2018/2019"]
[Date "2018.12.16"]
[Round "5.6"]
[White "Schimnatkowski, Lukas"]
[Black "Mainusch, Martin"]
[Result "1-0"]
[WhiteElo "2038"]
[BlackElo "1948"]
[PlyCount "81"]
[EventDate "2018.??.??"]

1. c4 Nf6 2. d3 g6 3. e4 d6 4. Nc3 Bg7 5. g3 e5 6. Bg2 Bg4 7. f3 Be6 8. Nge2
Nc6 9. O-O Qd7 10. Be3 O-O 11. Nd5 Ne7 12. d4 Nfxd5 13. cxd5 Bh3 14. Qb3 Bxg2
15. Kxg2 exd4 16. Nxd4 c5 17. dxc6 bxc6 18. Qa4 Qb7 19. Rac1 Rac8 20. Rf2 Rc7
21. Nb3 Rfc8 22. Bd4 Qb5 23. Qxb5 cxb5 24. Rxc7 Rxc7 25. Bxg7 Kxg7 26. Rd2 Rd7
27. Nd4 Rb7 28. b4 Kf6 29. f4 g5 30. Nf3 gxf4 31. Rxd6+ Kg7 32. gxf4 Rc7 33.
Kg3 Rc4 34. Rd4 Rc3 35. Kf2 Nc6 36. Rd7 Nxb4 37. Ne5 Rc2+ 38. Kg3 Rxa2 39.
Rxf7+ Kh6 40. f5 Re2 41. Ng4+ 1-0

[Event "SF Essen-Katernberg  2-SV Mülheim-Nord3"]
[Site "Regionalliga 2018/2019"]
[Date "2018.12.16"]
[Round "5.7"]
[White "Grodotzki, Kenneth"]
[Black "Kudelka, Josua"]
[Result "0-1"]
[WhiteElo "1972"]
[BlackElo "1966"]
[PlyCount "86"]
[EventDate "2018.??.??"]

1. f4 d5 2. Nf3 Nc6 3. d4 Bf5 4. a3 e6 5. e3 Bd6 6. c4 dxc4 7. Bxc4 Nf6 8. Nc3
O-O 9. O-O Ne7 10. Qe1 c5 11. dxc5 Bxc5 12. Kh1 Ne4 13. b4 Bb6 14. Bb2 Rc8 15.
Rd1 Rxc4 16. Rxd8 Rxd8 17. Ne5 Rcc8 18. Nf3 Rd3 19. Nxe4 Bxe4 20. Qa1 Nf5 21.
Ng5 Bxg2+ 22. Kxg2 Nxe3+ 23. Kh1 Nxf1 24. Qxf1 Rcd8 25. Nf3 Rd1 26. Ne1 R8d2
27. Bc3 Rc2 28. Qf3 Rdc1 29. Qxb7 Rxc3 30. Kg2 h5 31. Qa8+ Kh7 32. Qe4+ g6 33.
Nf3 R1c2+ 34. Kh1 Rc1+ 35. Kg2 Re3 36. Ng5+ Kg7 37. Qb7 Rc7 38. Qb8 Rc2+ 39.
Kf1 f6 40. Qb7+ Rc7 41. Qb8 fxg5 42. fxg5 Rf7+ 43. Kg2 Re2+ 0-1

[Event "SV Eichlinghofen 1 - SV Horst-Emscher 1"]
[Site "Regionalliga 2018/2019"]
[Date "2018.12.16"]
[Round "5.1"]
[White "Baerwolf, Steven"]
[Black "Watzlawek, Markus"]
[Result "1/2-1/2"]
[WhiteElo "2144"]
[BlackElo "2104"]
[PlyCount "83"]
[EventDate "2018.??.??"]

1. b3 f5 2. Bb2 Nf6 3. c4 g6 4. g3 Bg7 5. Bg2 O-O 6. Nf3 d6 7. d4 Qe8 8. Qc2
Na6 9. O-O Rb8 10. Nbd2 b5 11. Rfd1 Kh8 12. a3 c6 13. Rac1 Bd7 14. e3 bxc4 15.
Nxc4 Nc7 16. Na5 Ncd5 17. Nd2 Qf7 18. b4 Rbc8 19. Qd3 Rc7 20. Rc2 g5 21. Rdc1
Rfc8 22. f3 f4 23. e4 Ne3 24. Rc3 g4 25. gxf4 Nxg2 26. Kxg2 Nh5 27. Kh1 Nxf4
28. Qe3 Rf8 29. d5 Qh5 30. fxg4 Bxg4 31. Rxc6 Bxb2 32. Rxc7 Bxc1 33. Rxc1 Bh3
34. Rg1 h6 35. Nac4 Ne2 36. Re1 Nf4 37. Rg1 Kh7 38. e5 Ne2 39. Re1 Nf4 40. Rg1
Ne2 41. Re1 Nf4 42. Rg1 1/2-1/2

[Event "SV Eichlinghofen 1 - SV Horst-Emscher 1"]
[Site "Regionalliga 2018/2019"]
[Date "2018.12.16"]
[Round "5.2"]
[White "Schuette, Tobias"]
[Black "Buschmann, Andreas"]
[Result "0-1"]
[WhiteElo "2036"]
[BlackElo "2011"]
[PlyCount "58"]
[EventDate "2018.??.??"]

1. e4 c5 2. d4 cxd4 3. c3 d5 4. cxd4 dxe4 5. Nc3 Nf6 6. Bg5 Nbd7 7. f3 e3 8.
Qa4 g6 9. Bxf6 exf6 10. Nb5 Be7 11. d5 Bc5 12. Qe4+ Ne5 13. b4 Bf5 14. Qf4 O-O
15. Nc3 Qd6 16. bxc5 Nd3+ 17. Bxd3 Qxf4 18. Nge2 Qb4 19. Bxf5 gxf5 20. Rb1 Qxc5
21. Rxb7 Rab8 22. Rxb8 Rxb8 23. O-O Kg7 24. Rc1 Rd8 25. Rd1 Rd6 26. h3 Rb6 27.
Rd4 Rb2 28. a4 Rd2 29. Rf4 Rd3 0-1

[Event "SV Eichlinghofen 1 - SV Horst-Emscher 1"]
[Site "Regionalliga 2018/2019"]
[Date "2018.12.16"]
[Round "5.3"]
[White "Rebentisch, Tom"]
[Black "Bollwerk, Marcus"]
[Result "1/2-1/2"]
[WhiteElo "2065"]
[BlackElo "2055"]
[Annotator "Daniel"]
[PlyCount "74"]
[EventDate "2018.??.??"]

1. d4 g6 2. e4 Bg7 3. Nf3 d6 4. c3 Nd7 5. Be3 Ngf6 6. Nbd2 e5 7. dxe5 dxe5 8.
Bc4 Qe7 9. h3 O-O $11 10. O-O h6 11. Qc2 a5 12. a4 b6 13. Rad1 Bb7 14. Nh2 Nc5
15. f3 Bc6 16. Bb5 Bxb5 17. axb5 Rad8 18. Nc4 Nb7 19. Rf2 Rxd1+ 20. Qxd1 Rd8
21. Rd2 Rxd2 22. Qxd2 Qe6 23. Na3 Kh7 24. c4 Bf8 25. Qc3 Bb4 26. Qc1 Bc5 27.
Nf1 Qd6 28. Bxc5 $11 Nxc5 29. Qd2 Qd3 30. Qxd3 Nxd3 31. b3 Nh5 32. Nc2 Nhf4 33.
Nd2 Ne2+ 34. Kf1 Nec1 35. Ne3 Nc5 36. b4 axb4 37. Nd5 Ne6 1/2-1/2

[Event "SV Eichlinghofen 1 - SV Horst-Emscher 1"]
[Site "Regionalliga 2018/2019"]
[Date "2018.12.16"]
[Round "5.4"]
[White "Brockmann, Michael"]
[Black "Becker, Marco"]
[Result "1-0"]
[WhiteElo "2002"]
[BlackElo "1959"]
[PlyCount "77"]
[EventDate "2018.??.??"]

1. d4 Nf6 2. c4 e6 3. Nc3 d5 4. Bg5 Be7 5. e3 h6 6. Bh4 O-O 7. Nf3 Nbd7 8. Qc2
c6 9. a3 b6 10. cxd5 cxd5 11. Bd3 Bb7 12. Bg3 Rc8 13. Nd2 a6 14. h3 Re8 15. O-O
Bf8 16. f4 g6 17. Rac1 Bg7 18. Qb1 Qe7 19. Nf3 b5 20. Bh4 Qd6 21. Ne5 Nb6 22.
Bxg6 fxg6 23. Bxf6 Bxf6 24. Qxg6+ Bg7 25. Qf7+ Kh7 26. Qg6+ Kg8 27. Qf7+ Kh7
28. Qxb7 Nc4 29. Nxc4 Rxc4 30. Qf7 Rf8 31. Qh5 b4 32. axb4 Qxb4 33. Rc2 a5 34.
f5 Qe7 35. Qg6+ Kh8 36. fxe6 Rxf1+ 37. Kxf1 Rc6 38. Nxd5 Qf8+ 39. Kg1 1-0

[Event "SV Eichlinghofen 1 - SV Horst-Emscher 1"]
[Site "Regionalliga 2018/2019"]
[Date "2018.12.16"]
[Round "5.5"]
[White "Goeldenboog, Juergen"]
[Black "Dreier, Daniel"]
[Result "1/2-1/2"]
[WhiteElo "1897"]
[BlackElo "1910"]
[PlyCount "41"]
[EventDate "2018.??.??"]

1. d4 Nf6 2. c4 e5 3. dxe5 Ng4 4. Nf3 Bc5 5. e3 Nc6 6. Be2 Ngxe5 7. O-O d6 8.
Nc3 Nxf3+ 9. Bxf3 Ne5 10. b3 O-O 11. Bb2 a5 12. Ne4 Ba7 13. Bxe5 dxe5 14. Qxd8
Rxd8 15. Rfd1 Bd7 16. Nc3 c6 17. Rd2 Kf8 18. Rad1 Ke7 19. Ne4 h6 20. Nd6 Bc8
21. Nxc8+ 1/2-1/2

[Event "SV Eichlinghofen 1 - SV Horst-Emscher 1"]
[Site "Regionalliga 2018/2019"]
[Date "2018.12.16"]
[Round "5.6"]
[White "Wloka, Sebastian"]
[Black "Arndt, Olaf"]
[Result "0-1"]
[WhiteElo "1884"]
[BlackElo "1918"]
[PlyCount "60"]
[EventDate "2018.??.??"]

1. d4 e6 2. Nf3 f5 3. c4 b6 4. Bf4 Nf6 5. Nc3 Bb4 6. Qb3 a5 7. a3 Bxc3+ 8. Qxc3
Bb7 9. Nd2 O-O 10. f3 d6 11. e3 Nbd7 12. Bg3 Qe7 13. Be2 c5 14. O-O Nh5 15. Bf2
Qg5 16. Rae1 Rf6 17. g3 Rg6 18. f4 Qh4 19. Bf3 Bxf3 20. Nxf3 Qg4 21. Ng5 Nhf6
22. e4 Rxg5 23. fxg5 Nxe4 24. Qd3 Nxg5 25. Kg2 Qh3+ 26. Kh1 f4 27. dxc5 f3 28.
Rg1 Nf6 29. Qf1 Ng4 30. Qxh3 Nxf2# 0-1

[Event "SV Eichlinghofen 1 - SV Horst-Emscher 1"]
[Site "Regionalliga 2018/2019"]
[Date "2018.12.16"]
[Round "5.7"]
[White "Doenges, Dirk"]
[Black "Dekhtyaryuk, Dimitri"]
[Result "1-0"]
[WhiteElo "1767"]
[BlackElo "1849"]
[PlyCount "47"]
[EventDate "2018.??.??"]

1. e4 d6 2. Nf3 Nf6 3. Nc3 g6 4. d4 Bg7 5. Bg5 O-O 6. Qd2 c5 7. O-O-O cxd4 8.
Nxd4 Nbd7 9. h4 h5 10. f3 Ne5 11. Be2 a6 12. Rdf1 b5 13. Kb1 b4 14. Nd1 a5 15.
g4 hxg4 16. Bxf6 Bxf6 17. f4 Nf3 18. Nxf3 gxf3 19. Bxf3 e5 20. h5 exf4 21. hxg6
Kg7 22. gxf7 Bg5 23. Qd5 Ba6 24. Rfg1 1-0